| 000 | 00898cab a2200205 4500 | ||
|---|---|---|---|
| 001 | ABS45448 | ||
| 008 | 090401t1991 xxu||||| |||| 00| 0 eng d | ||
| 035 | _a(Sirsi) u53035 | ||
| 041 | _aeng | ||
| 100 | _aMilne, R. | ||
| 245 | _aStatements striving for better standards | ||
| 260 | _c1991 | ||
| 350 | _a0 | ||
| 490 |
_aPlanning (for the Natural and Built Environment) _v(944) 15 November 1991, 4-5(2_ |
||
| 520 | _aA call for an independent Council for Environmental Assessment. Problems of accessibility and availability of documents, quality of documents, and the quality of environmental assessments are amongst key issues raised at a recent conference on environmental assessment jointly organised by IBC Ltd and the Institute of Environmental Assessment . | ||
| 650 | _aENVIRONMENTAL ASSESSMENT | ||
| 690 | _aENVIRONMENTAL AND LAND CONSULTANCY | ||
| 942 | _n0 | ||
| 948 | _c04/03/1997 | ||
| 999 |
_c32720 _d32720 |
||